• 首页
  • 本馆介绍
  • 公告通知
  • 最新文献
  • 馆藏检索
  • 电子资源
  • 读者导购
  • 参考咨询
  • 我的图书馆
  • 登录
  • 详细信息显示
  • 放入我的书架
  • 预约/预借图书
  • 作者相关作品
  • 分类相关作品
  • 丛书相关作品
  • 出版社相关作品

书目信息

  • 表格格式
  • 工作单格式
  • 卡片格式
题名:
自然图书馆
    
 
作者:
分册:  
出版信息: 北京   北京少年儿童出版社  2006
页数: 60页
开本: 20cm
丛书名:
单 册:
中图分类: P152
科图分类:
主题词: 恒星天文 , 宇宙学 , 星系--天文学
电子资源:
ISBN: 7-5301-1159-0
000 00568nam0 2200205 450
001 0736196517
005 20070924100316.51
010    @a7-5301-1159-0@d¥12.00
100    @a20070924d km y0chiy0120 ea
101 0  @achi
200 1  @a自然图书馆@Azi ran tu shu guan@e绚丽多彩的恒星
210    @a北京@c北京少年儿童出版社@d2006
215    @a60页@c插图@d20cm
517 1  @a绚丽多彩的恒星@Axuan li duo cai de heng xing
606 0  @a恒星天文
606 0  @a宇宙学
606 0  @a星系@x天文学
690    @aP152@v3
801  0 @aCN@bPFT@c20070924
905    @a213230@dP152@eZY14@f1
    
    自然图书馆:绚丽多彩的恒星.-北京:北京少年儿童出版社,2006
    60页:插图;20cm
    
    
    ISBN 7-5301-1159-0:¥12.00
    
●
相关链接 在E读中查询图书 在五车中查询图书 在当当中查询图书 在豆瓣中查询图书


正题名:自然图书馆     索取号:P152/ZY14         预约/预借

序号 登录号 条形码 馆藏地/架位号 状态 备注
1 7900757   279007575   密集书库-资源管理系/ [索取号:P152/ZY14] 在馆    
唐山师范学院图书馆 欢迎您!
大连网信软件有限公司© 版权所有